00881cam a22002651 4500001001300000003000400013005001700017008004100034010001700075035001900092040003700111042001200148050002200160051002700182086002900209100003200238245013800270260002300408300003400431490003500465500001700500650001500517810006600532999001700598gs 51000249 DLC20260227111358.0781104s1951 dcuab f000 0 eng c ags 51000249  a(OCoLC)4346970 aU.S. Geol. Survey Libr.cUUdDLC apremarc00aQE75b.C5 no. 111 aTN948.R3bS72cCopy 2.0 aI 19.4:111aI 19.4/2:1111 aStokes, William Lee,d1915-10aCarnotite deposits in the Carrizo Mountains area, Navajo Indian Reservation, Apache County, Arizona, and San Juan County, New Mexico. a[Washington]c1951 a5 p.bfold. col. map.c27 cm.1 aGeological Survey circular 111 aCover title. 0aCarnotite.2 aGeological Survey (U.S.).tGeological Survey circular ;v111. c28581d28581